000 00636nam a2200241 a 4500
001 0001-0976
003 ELIB.Books
008 140917 2010 eng
020 _a0800616278
035 _a(ELIB.Books)0001-1130
092 _a233.5
_bMic
100 _aMicks, Marianne
245 _aOur Search for Identity:
_bHumanity in the Image of God
260 _aPhiladelphia
_bFortress Press
_c1982
300 _a167
_c21.5 Cm
500 _aDr. Yahalaylayla
650 _aHuman Nature
856 _nKBTS; Library
_uKBTS; Elib.
942 _2ddc
_cBK
990 _a1
998 _cbat
_e2014-09-17
999 _c10976
_d10976